Music Quiz

Random Music or Celebrity Quiz
Score 0/16 Timer 05:00
0 Plays Today
% Correct
Michael Jackson
95.8%
Britney Spears
95.7%
Beyoncé
89.5%
Katy Perry
89.1%
Taylor Swift
87.9%
Whitney Houston
86%
Ray Charles
80.7%
Selena Gomez
79.1%
% Correct
Ice-T
70.4%
Vanilla Ice
69.3%
Paula Abdul
68.9%
Kenny Rogers
62.3%
The Monkees and Ringo Starr
62%
Carrie Underwood
61.7%
Blake Shelton
61%
Rachel Platten
11%
Remove Ads.
Support Sporcle.
Get the best of Sporcle when you Go Orange. This ad-free experience offers more features, more stats, and more fun while also helping to support Sporcle. Thank you for becoming a member.

You're not logged in!

Compare scores with friends on all Sporcle quizzes.
OR
Log In

Show Comments

Extras

Top Quizzes Today


Score Distribution

Your Account Isn't Verified!

In order to create a playlist on Sporcle, you need to verify the email address you used during registration. Go to your Sporcle Settings to finish the process.

Report this User

Report this user for behavior that violates our Community Guidelines.

Details: